West Virginia Counties Map Quiz - Statistics

General Stats
  • This quiz has been taken 6 times
  • The average score is 28 of 55
Answers on the Map
Answers color-coded by a green-red scale on the quiz's map according to % correct below.
 
Answer Stats
Answer % Correct
Monongalia
100%
Berkeley
75%
Fayette
75%
Grant
75%
Greenbrier
75%
Hancock
75%
Jefferson
75%
Kanawha
75%
Ohio
75%
Pendleton
75%
Pocahontas
75%
Preston
75%
Randolph
75%
Tucker
75%
Webster
75%
Wetzel
75%
Barbour
50%
Braxton
50%
Calhoun
50%
Clay
50%
Doddridge
50%
Gilmer
50%
Harrison
50%
Lewis
50%
Marion
50%
Marshall
50%
Mingo
50%
Monroe
50%
Morgan
50%
Nicholas
50%
Pleasants
50%
Putnam
50%
Raleigh
50%
Taylor
50%
Upshur
50%
Wayne
50%
Wirt
50%
Wood
50%
Boone
25%
Brooke
25%
Cabell
25%
Hampshire
25%
Hardy
25%
Jackson
25%
Lincoln
25%
Logan
25%
Mason
25%
McDowell
25%
Mercer
25%
Mineral
25%
Ritchie
25%
Roane
25%
Summers
25%
Tyler
25%
Wyoming
25%
No matching quizzes found
Score Distribution
Percent of People with Each Score
Percentile by Number Answered
Your Score History
You have not taken this quiz